000 00330nam a2200121Ia 4500
008 240731s9999 xx 000 0 und d
022 _a1727-9461
245 0 _aSouthern African Linguistics and Applied Language Studies
260 _bRoutledge
856 _uhttps://www.tandfonline.com/loi/rall20
942 _2ddc
942 _cTFEJ
999 _c79499
_d79499
945 _a1
_bMadushi Gamage
_c1
_dMadushi Gamage